Bankovníctvo zbierka príkladov

Enregistré dans:
Détails bibliographiques
Auteur principal: Makúch, Jozef, 1953-
Collectivité auteur: Vysoká škola ekonomická v Bratislave. Národohospodárska fakulta
Format: Livre
Langue:slovaque
Publié: Bratislava VŠE 1989
Édition:1. vyd.
Sujets:
Tags: Ajouter un tag
Pas de tags, Soyez le premier à ajouter un tag!

MARC

LEADER 00000nam a2200000 4500
001 c040648
005 20230116100336.3
041 0 |a slo 
044 |a SK 
245 1 0 |a Bankovníctvo  |b zbierka príkladov  |c Jozef Makúch 
250 |a 1. vyd. 
264 1 |a Bratislava  |b VŠE  |c 1989 
300 |a 148 s. 
610 2 0 |a bankovníctvo 
100 1 |a Makúch, Jozef, 1953- 
710 2 |a Vysoká škola ekonomická v Bratislave. Národohospodárska fakulta